000
00339nam a2200145Ia 4500
008
150201s2007 xx 000 0 und d
082
_a
610.7
_b
R07K
100
_a
KOWALSKI, KARREN
245
_a
RAPID REFERENCE FOR NURSES
250
_a
1ST
260
_b
JONES PUB.
_a
BOSTON
_c
2007
300
_a
690
650
_a
NURSING
942
_2
ddc
_c
BK
999
_c
2259
_d
2259